000 00399nam a22001457a 4500
020 _a9810107609
082 _a510
_bTAN
_cN-01, P-48
100 _aTan, Winnie
_946870
245 _aPre-school mathematics activity book
_cTan, Winnie
260 _aSingapore
_bFederal
_c1998
300 _a288 p.
_bill.
_c27 cm
526 _a0
_b0
_c0
_d510_000000000000000_TAN
650 _aNUST
_96342
942 _2ddc
_cBK
999 _c550120
_d550120